Statistiques concernant Pokémon fusionnés avec Ectoplasma

Cliquez ici pour prendre le quiz!

Statistiques générales

  • Ce quiz a été pris 44 fois
    (36 depuis la dernière actualisation)
  • Le résultat moyen est 13 sur 16

Statistiques - réponses

Réponse% Correct
Nidorino
100%
Mustébouée
97%
Simiabraz
94%
Voltorbe
94%
Dinoclier
91%
Avaltout
85%
Hyporoi
85%
Nénupiot
85%
Limonde
76%
Malamandre
74%
Brocélôme
71%
Marcacrin
71%
Moyade
68%
Ouistempo
68%
Pérégrain
56%
Charibari
47%

Distribution des résultats

Percentile par nombre de réponses

% des personnes avec chaque résultat

Votre développement - résultats

Vous n’avez pas pris ce quiz depuis la dernière actualisation